000 00290 a2200121 4500
000 nam a22 7a 4500
005 20260206123910.0
020 _a9789395695831
100 _aAnamika
_91114225
245 _aPragatisheel kavita ka vaan prasth
260 _bSwaraj
_c2025
942 _cTEXL
999 _c1678803
_d1678803